000 00429nam a2200169Ia 4500
001 10931
005 20260306161908.0
008 260306t9999||||xx |||||||||||||| ||spa||
041 _aESP
082 _a983
_bCH553
100 _aZegers, Cristian A.
_eAUT
245 0 _aChile en cuatro momentos:
_bel paisaje de los viajeros. Noticias y rumores
300 _a
_c
650 _aGEN
654 _aCHU
942 _cLIB
_dJUS
_fJUS
_2ddc
_n
999 _c10931
_d10931